| 000 | 00606nam a2200205 a 4500 | ||
|---|---|---|---|
| 001 | 000013061 | ||
| 003 | AM-YEHGA | ||
| 005 | 20250617120512.0 | ||
| 008 | 030317s1989 ru r 000 0 rus d | ||
| 020 | _a5715502683 | ||
| 040 | _aAM-YeHGA | ||
| 041 | 0 | _arus | |
| 245 | 0 | 0 |
_aНовое педагогическое мышление / _cПод ред. А.В. Петровского. |
| 260 |
_aМосква : _bПедагогика, _c1989. |
||
| 300 | _a280 с. | ||
| 650 | 1 | 4 | _aПедагогика в СССР |
| 700 | 1 |
_aПетровский, А.В. _eред. _4edt |
|
| 942 | _cBK | ||
| 090 | _c3305 | ||
| 999 |
_c3275 _d3275 |
||